000
00196 a2200109 4500
020
_a
9781583568842
041
_a
eng
100
_a
Delta Educacion
245
_a
Trees
942
_c
BK
952
_7
1
999
_c
21541
_d
21541